<?xml version="1.0" encoding="UTF-8"?>
<record
    xmlns:xsi="http://www.w3.org/2001/XMLSchema-instance"
    xsi:schemaLocation="http://www.loc.gov/MARC21/slim http://www.loc.gov/standards/marcxml/schema/MARC21slim.xsd"
    xmlns="http://www.loc.gov/MARC21/slim">

  <leader>00446nam a22001817a 4500</leader>
  <controlfield tag="003">OSt</controlfield>
  <controlfield tag="008">250424b        |||||||| |||| 00| 0 eng d</controlfield>
  <datafield tag="020" ind1=" " ind2=" ">
    <subfield code="a">9354518885</subfield>
  </datafield>
  <datafield tag="082" ind1=" " ind2=" ">
    <subfield code="a">615.19 BOP</subfield>
  </datafield>
  <datafield tag="100" ind1=" " ind2=" ">
    <subfield code="a">Bodhankar, Vinayak.R</subfield>
  </datafield>
  <datafield tag="245" ind1=" " ind2=" ">
    <subfield code="a">Pharma Extract</subfield>
  </datafield>
  <datafield tag="260" ind1=" " ind2=" ">
    <subfield code="a">Delhi</subfield>
    <subfield code="b">Narali</subfield>
    <subfield code="c">2023</subfield>
  </datafield>
  <datafield tag="300" ind1=" " ind2=" ">
    <subfield code="a">11.14</subfield>
  </datafield>
  <datafield tag="650" ind1=" " ind2=" ">
    <subfield code="a">Pharmaceutical Regulatory Science</subfield>
  </datafield>
  <datafield tag="700" ind1=" " ind2=" ">
    <subfield code="a">Shalke, Santosh.D</subfield>
  </datafield>
  <datafield tag="700" ind1=" " ind2=" ">
    <subfield code="a">Panjwani,Deepak.T</subfield>
  </datafield>
  <datafield tag="942" ind1=" " ind2=" ">
    <subfield code="2">ddc</subfield>
    <subfield code="c">BK</subfield>
  </datafield>
  <datafield tag="999" ind1=" " ind2=" ">
    <subfield code="c">13406</subfield>
    <subfield code="d">13406</subfield>
  </datafield>
  <datafield tag="952" ind1=" " ind2=" ">
    <subfield code="0">0</subfield>
    <subfield code="1">0</subfield>
    <subfield code="2">ddc</subfield>
    <subfield code="4">0</subfield>
    <subfield code="7">0</subfield>
    <subfield code="8">BP</subfield>
    <subfield code="a">PIET</subfield>
    <subfield code="b">PIET</subfield>
    <subfield code="d">2025-04-15</subfield>
    <subfield code="e">Zafaa Books Distributres</subfield>
    <subfield code="f">Rs</subfield>
    <subfield code="g">260.00</subfield>
    <subfield code="k">ZBD0026</subfield>
    <subfield code="l">0</subfield>
    <subfield code="o">615.19 BOP</subfield>
    <subfield code="p">BP2726</subfield>
    <subfield code="r">2025-04-24 00:00:00</subfield>
    <subfield code="v">195.00</subfield>
    <subfield code="w">2025-04-11</subfield>
    <subfield code="y">REF</subfield>
  </datafield>
  <datafield tag="952" ind1=" " ind2=" ">
    <subfield code="0">0</subfield>
    <subfield code="1">0</subfield>
    <subfield code="2">ddc</subfield>
    <subfield code="4">0</subfield>
    <subfield code="7">0</subfield>
    <subfield code="8">BP</subfield>
    <subfield code="a">PIET</subfield>
    <subfield code="b">PIET</subfield>
    <subfield code="d">2025-04-15</subfield>
    <subfield code="e">Zafaa Books Distributres</subfield>
    <subfield code="f">Rs</subfield>
    <subfield code="g">260.00</subfield>
    <subfield code="k">ZBD0026</subfield>
    <subfield code="l">1</subfield>
    <subfield code="o">615.19 BOP</subfield>
    <subfield code="p">BP2727</subfield>
    <subfield code="r">2025-11-11 00:00:00</subfield>
    <subfield code="s">2025-04-29</subfield>
    <subfield code="v">195.00</subfield>
    <subfield code="w">2025-04-11</subfield>
    <subfield code="y">BK</subfield>
  </datafield>
  <datafield tag="952" ind1=" " ind2=" ">
    <subfield code="0">0</subfield>
    <subfield code="1">0</subfield>
    <subfield code="2">ddc</subfield>
    <subfield code="4">0</subfield>
    <subfield code="7">0</subfield>
    <subfield code="8">BP</subfield>
    <subfield code="a">PIET</subfield>
    <subfield code="b">PIET</subfield>
    <subfield code="d">2025-04-15</subfield>
    <subfield code="e">Zafaa Books Distributres</subfield>
    <subfield code="f">Rs</subfield>
    <subfield code="g">260.00</subfield>
    <subfield code="k">ZBD0026</subfield>
    <subfield code="l">0</subfield>
    <subfield code="o">615.19 BOP</subfield>
    <subfield code="p">BP2728</subfield>
    <subfield code="r">2025-04-24 00:00:00</subfield>
    <subfield code="v">195.00</subfield>
    <subfield code="w">2025-04-11</subfield>
    <subfield code="y">BK</subfield>
  </datafield>
  <datafield tag="952" ind1=" " ind2=" ">
    <subfield code="0">0</subfield>
    <subfield code="1">0</subfield>
    <subfield code="2">ddc</subfield>
    <subfield code="4">0</subfield>
    <subfield code="7">0</subfield>
    <subfield code="8">BP</subfield>
    <subfield code="a">PIET</subfield>
    <subfield code="b">PIET</subfield>
    <subfield code="d">2025-04-15</subfield>
    <subfield code="e">Zafaa Books Distributres</subfield>
    <subfield code="f">Rs</subfield>
    <subfield code="g">260.00</subfield>
    <subfield code="k">ZBD0026</subfield>
    <subfield code="l">0</subfield>
    <subfield code="o">615.19 BOP</subfield>
    <subfield code="p">BP2729</subfield>
    <subfield code="r">2025-04-24 00:00:00</subfield>
    <subfield code="v">195.00</subfield>
    <subfield code="w">2025-04-11</subfield>
    <subfield code="y">BK</subfield>
  </datafield>
  <datafield tag="952" ind1=" " ind2=" ">
    <subfield code="0">0</subfield>
    <subfield code="1">0</subfield>
    <subfield code="2">ddc</subfield>
    <subfield code="4">0</subfield>
    <subfield code="7">0</subfield>
    <subfield code="8">BP</subfield>
    <subfield code="a">PIET</subfield>
    <subfield code="b">PIET</subfield>
    <subfield code="d">2025-04-15</subfield>
    <subfield code="e">Zafaa Books Distributres</subfield>
    <subfield code="f">Rs</subfield>
    <subfield code="g">260.00</subfield>
    <subfield code="k">ZBD0026</subfield>
    <subfield code="l">0</subfield>
    <subfield code="o">615.19 BOP</subfield>
    <subfield code="p">BP2730</subfield>
    <subfield code="r">2025-04-24 00:00:00</subfield>
    <subfield code="v">195.00</subfield>
    <subfield code="w">2025-04-11</subfield>
    <subfield code="y">BK</subfield>
  </datafield>
  <datafield tag="952" ind1=" " ind2=" ">
    <subfield code="0">0</subfield>
    <subfield code="1">0</subfield>
    <subfield code="2">ddc</subfield>
    <subfield code="4">0</subfield>
    <subfield code="7">0</subfield>
    <subfield code="8">BP</subfield>
    <subfield code="a">PIET</subfield>
    <subfield code="b">PIET</subfield>
    <subfield code="d">2025-04-15</subfield>
    <subfield code="e">Zafaa Books Distributres</subfield>
    <subfield code="f">Rs</subfield>
    <subfield code="g">260.00</subfield>
    <subfield code="k">ZBD0026</subfield>
    <subfield code="l">0</subfield>
    <subfield code="o">615.19 BOP</subfield>
    <subfield code="p">BP2731</subfield>
    <subfield code="r">2025-04-24 00:00:00</subfield>
    <subfield code="v">195.00</subfield>
    <subfield code="w">2025-04-11</subfield>
    <subfield code="y">BK</subfield>
  </datafield>
  <datafield tag="952" ind1=" " ind2=" ">
    <subfield code="0">0</subfield>
    <subfield code="1">0</subfield>
    <subfield code="2">ddc</subfield>
    <subfield code="4">0</subfield>
    <subfield code="7">0</subfield>
    <subfield code="8">BP</subfield>
    <subfield code="a">PIET</subfield>
    <subfield code="b">PIET</subfield>
    <subfield code="d">2025-04-15</subfield>
    <subfield code="e">Zafaa Books Distributres</subfield>
    <subfield code="f">Rs</subfield>
    <subfield code="g">260.00</subfield>
    <subfield code="k">ZBD0026</subfield>
    <subfield code="l">0</subfield>
    <subfield code="o">615.19 BOP</subfield>
    <subfield code="p">BP2732</subfield>
    <subfield code="r">2025-04-24 00:00:00</subfield>
    <subfield code="v">195.00</subfield>
    <subfield code="w">2025-04-11</subfield>
    <subfield code="y">BK</subfield>
  </datafield>
  <datafield tag="952" ind1=" " ind2=" ">
    <subfield code="0">0</subfield>
    <subfield code="1">0</subfield>
    <subfield code="2">ddc</subfield>
    <subfield code="4">0</subfield>
    <subfield code="7">0</subfield>
    <subfield code="8">BP</subfield>
    <subfield code="a">PIET</subfield>
    <subfield code="b">PIET</subfield>
    <subfield code="d">2025-04-15</subfield>
    <subfield code="e">Zafaa Books Distributres</subfield>
    <subfield code="f">Rs</subfield>
    <subfield code="g">260.00</subfield>
    <subfield code="k">ZBD0026</subfield>
    <subfield code="l">1</subfield>
    <subfield code="o">615.19 BOP</subfield>
    <subfield code="p">BP2733</subfield>
    <subfield code="r">2026-02-23 00:00:00</subfield>
    <subfield code="s">2026-02-11</subfield>
    <subfield code="v">195.00</subfield>
    <subfield code="w">2025-04-11</subfield>
    <subfield code="y">BK</subfield>
  </datafield>
  <datafield tag="952" ind1=" " ind2=" ">
    <subfield code="0">0</subfield>
    <subfield code="1">0</subfield>
    <subfield code="2">ddc</subfield>
    <subfield code="4">0</subfield>
    <subfield code="7">0</subfield>
    <subfield code="8">BP</subfield>
    <subfield code="a">PIET</subfield>
    <subfield code="b">PIET</subfield>
    <subfield code="d">2025-04-15</subfield>
    <subfield code="e">Zafaa Books Distributres</subfield>
    <subfield code="f">Rs</subfield>
    <subfield code="g">260.00</subfield>
    <subfield code="k">ZBD0026</subfield>
    <subfield code="l">0</subfield>
    <subfield code="o">615.19 BOP</subfield>
    <subfield code="p">BP2734</subfield>
    <subfield code="r">2025-04-24 00:00:00</subfield>
    <subfield code="v">195.00</subfield>
    <subfield code="w">2025-04-11</subfield>
    <subfield code="y">BK</subfield>
  </datafield>
  <datafield tag="952" ind1=" " ind2=" ">
    <subfield code="0">0</subfield>
    <subfield code="1">0</subfield>
    <subfield code="2">ddc</subfield>
    <subfield code="4">0</subfield>
    <subfield code="7">0</subfield>
    <subfield code="8">BP</subfield>
    <subfield code="a">PIET</subfield>
    <subfield code="b">PIET</subfield>
    <subfield code="d">2025-04-15</subfield>
    <subfield code="e">Zafaa Books Distributres</subfield>
    <subfield code="f">Rs</subfield>
    <subfield code="g">260.00</subfield>
    <subfield code="k">ZBD0026</subfield>
    <subfield code="l">0</subfield>
    <subfield code="o">615.19 BOP</subfield>
    <subfield code="p">BP2735</subfield>
    <subfield code="r">2025-04-24 00:00:00</subfield>
    <subfield code="v">195.00</subfield>
    <subfield code="w">2025-04-11</subfield>
    <subfield code="y">BK</subfield>
  </datafield>
</record>
